Trí tuệ dân tộc Úc

Đã lưu trong:
書目詳細資料
格式: 圖書
語言:Undetermined
出版: Hà Nội Thời đại 2011
主題:
標簽: 添加標簽
沒有標簽, 成為第一個標記此記錄!
Thư viện lưu trữ: Trung tâm Học liệu Trường Đại học Cần Thơ
LEADER 00491nam a2200169Ia 4500
001 CTU_194130
008 210402s9999 xx 000 0 und d
020 |c 45000 
082 |a 994 
082 |b Tr300 
245 0 |a Trí tuệ dân tộc Úc 
245 0 |c Gia Khang, Kiến Văn (biên dịch) 
260 |a Hà Nội 
260 |b Thời đại 
260 |c 2011 
650 |a Ustralian history,Lịch sử Úc 
980 |a Trung tâm Học liệu Trường Đại học Cần Thơ